Aritmética (Registro nro. 8923)

Detalles MARC
000 -LIDER
fixed length control field 00556nam a22002177a 4500
001 - NÚMERO DE CONTROL
Identificador de número de control 0153
003 - IDENTIFICACDOR DE NÚMERO DE CONTROL
control field DO-SdBNP
005 - DATE AND TIME OF LATEST TRANSACTION
control field 20151126093316.0
007 - CAMPOS FIJOS DE DESCRIPCIÓN FÍSICA
fixed length control field 0153
008 - ELEMENTOS DE LONGITUD FIJA
fixed length control field 151005b1975 gt 00| 0 spa d
040 ## - FUENTE DE CATALOGACIÓN
Agencia que crea de manera original el registro BPMSU
Idioma de catalogación spa
Agencia que realiza la transcripción BPMSU
092 ## - LOCALLY ASSIGNED DEWEY DECIMAL CALL NUMBER
Número de clasificación XXXX
Número de ítem (Cutter) XXXX
100 ## - ASIENTO PRINCIPAL -- NOMBRE PERSONAL
Nombre personal Baldor, Aurelio
245 10 - MENCIÓN DE TITULO
Título Aritmética
Mención de responsabilidad Aurelio Baldor
Subtítulo teorico - práctica /
260 ## - PUBLICACIÓN, DISTRIBUCIÓN, ETC. (PIE DE IMPRENTA)
Lugar de publicación, distribución, etc Guatemala :
Nombre del editor, distribuidor, etc. Cultural centroamericana,
Fecha de publicación, distribución, etc 1975.
300 ## - DESCRIPCIÓN FÍSICA
Extensión 639 p. :
Otros detalles físicos il.
Dimensiones 23 cm.
521 1# - TARGET AUDIENCE NOTE
Target audience note A partir de los 12 años
910 ## - VALIDACIÓN
Validación 202
942 ## - ADDED ENTRY ELEMENTS (KOHA)
Source of classification or shelving scheme Dewey Decimal Classification
Koha item type Libros
956 ## - LOCAL ELECTRONIC LOCATION AND ACCESS (OCLC)
Nombre de host Yngrid Lockward
Existencias
Withdrawn status Lost status Source of classification or shelving scheme Damaged status Not for loan Collection code Home library Current library Date acquired Source of acquisition Total Checkouts Barcode Date last seen Price effective from Koha item type
    Dewey Decimal Classification       Biblioteca Pública Metropolitana Salomé Ureña Biblioteca Pública Metropolitana Salomé Ureña 11/26/2015 Donación   BPMET15110495 11/26/2015 11/26/2015 Libros